000 00343nam a2200133Ia 4500
005 20260326100036.0
008 260326s9999||||xx |||||||||||||| ||und||
100 _aEngels, F.
245 0 _aEl Problema de la Vivienda :
_b Y las Grandes Ciudades /
_cF. Engels
260 _bGustavo Gili
300 _a129 p.
650 _aURBANISMO
942 _cBK
999 _c6793
_d6793